000 00310nam a2200133Ia 4500
100 _aMukhis / Vijay
942 _cBK
654 _a'C' Odyssey unix
245 _a''''C'''' Odyssey unix the open Boundless
260 _bB.P.B. Pub
_aNew Delhi
_c1992
082 _a005.13 'w'
546 _aENGLISH
999 _c34099
_d34099